000 00315nam a22001337a 4500
008 170601b xxu||||| |||| 00| 0 eng d
020 _a0226458040
041 _aeng
080 _22ND
_a94(100)
100 _a17
101 _aSHH
245 _aTHE STRUCTURE OF SCIENTIFIC REVOLUTIONS
_cKUHN,S.TH
942 _2udc
_cBK
999 _c15237
_d15237